000 00665nam a2200241 a 4500
005 20210219152825.0
008 991125n 000 0 eng u
035 _aUPN01000062469
100 _aTIERNEY, William G.
222 _aHARVARD EDUCATIONAL REVIEW
245 _aAcademic freedom and the parameters of knowledge
260 _aMASSACHUSETTS, EUA
300 _a143-160
362 _a1993 Vol. 63, No. 2, summer
653 0 _aACCESO A LA EDUCACION
653 0 _aDERECHOS HUMANOS
653 0 _aEDUCACION SEXUAL
653 0 _aHOMOSEXUALIDAD
653 0 _aLESBIANISMO
653 0 _aLIBERTAD ACADEMICA
904 _aAC
_b000280
905 _aArticulo
999 _c61731
_d61731